| 000 | 00633nam a2200205 4500 | ||
|---|---|---|---|
| 003 | OSt | ||
| 005 | 20240708014545.0 | ||
| 006 | a | ||
| 008 | 240708b |||||||| |||| 00| 0 eng d | ||
| 040 |
_aDWCL-HMN lib. _cOC |
||
| 082 | _aCirc. 617.41 Ad221 1993 | ||
| 110 | _aCardiac Pacemakers | ||
| 245 | _aAdaptive-rate pacing: perspectives in cardiac rhythm management / | ||
| 260 |
_aUSA : _bThe Publisher, _cc1993. |
||
| 300 |
_avii, _b114 p. : ill. ; _c23 cm. |
||
| 504 | _aIncludes bibliographical references and index. | ||
| 650 | _a1. Cardiac pacing. | ||
| 650 | _a2. Arrythmia-Treatment. | ||
| 942 |
_2ddc _n0 _cBK-CIRC _kCirc. |
||
| 999 |
_c2071 _d2071 |
||